[Event "Tourn. n9162"]
[Site "www.chess-mail.com"]
[Date "2017.02.13"]
[Round "1"]
[White "Momahony"]
[Black "Falcoale"]
[WhiteElo "1699"]
[BlackElo "1830"]
[Result "1-0"]
[Round "1"]
1.d4 Ng8f6
2.Ng1f3 e6
3.e3 b6
4.Bf1d3 Bc8b7
5.Nb1d2 d5
6.Nf3e5 Nb8c6
7.Bd3b5 Qd8d6
8.O-O a6
9.Bb5xc6 Bb7xc6
10.b3 Bc6b7
11.Bc1b2 Bf8e7
12.f4 O-O
13.Qd1e2 a5
14.c4 Qd6d8
15.Rf1f3 dxc4
16.bxc4 Bb7xf3
17.Qe2xf3 c5
18.Ra1d1 cxd4
19.exd4 Qd8c7
20.g4 Nf6d7
21.Ne5d3 Ra8d8
22.Qf3e4 Nd7f6
23.Qe4f3 Nf6d7
24.Qf3e4 Rf8e8
25.Rd1c1 Nd7f6
26.Qe4f3 Nf6d7
27.Qf3e4 Nd7f6
28.Qe4f3 Nf6d7
29.Qf3e4 Qc7b8
30.Nd3e5 Nd7xe5
31.fxe5 Be7g5
32.Rc1d1 f5
33.exf6 Bg5xf6
34.Nd2f3 Rd8d7
35.g5 Bf6d8
36.Nf3e5 Rd7c7
37.d5 Bd8xg5
38.d6 Rc7c5
39.d7 Re8d8
40.Ne5c6 Rc5xc6
41.Qe4xc6 Bg5e3
42.Kg2 Be3g5
43.Qc6xe6 Kh8
44.Qe6f7 Qb8b7
45.Rd1d5 Rd8g8
46.Bb2xg7 Rg8xg7
47.d8Q { resign }
1-0

[Event "Tourn. n9115"]
[Site "www.chess-mail.com"]
[Date "2017.02.13"]
[Round "1"]
[White "Balbyns"]
[Black "Mihaiiorga"]
[WhiteElo "1670"]
[BlackElo "1199"]
[Result "0-1"]
[Round "1"]
1.d4 d5
2.Ng1f3 Bc8f5
3.e3 e6
4.Bf1d3 Bf5xd3
5.Qd1xd3 a6
6.c3 Ng8f6
7.Nb1d2 Bf8e7
8.O-O O-O
9.Rf1e1 c5
10.e4 dxe4
11.Nd2xe4 Nb8c6
12.Bc1g5 cxd4
13.cxd4 Nf6xe4
14.Bg5xe7 Qd8xe7
15.Qd3xe4 Ra8d8
16.a3 Rd8d6
17.h4 Rf8d8
18.Ra1d1 Rd6d5
19.Nf3g5 g6
20.Ng5f3 Qe7d7
21.Qe4f4 Nc6xd4
22.Nf3e5 Nd4e2
23.Re1xe2 Rd5xd1
24.Kh2 Qd7c7
25.h5 Qc7e7
26.h6 Rd8d4
27.Re2e4 Rd4xe4
28.Qf4xe4 Qe7g5
29.Ne5xf7 Qg5h5
30.Kg3 Kxf7
31.Qe4xb7 Ke8
32.Qb7c6 Ke7
33.Qc6b7 Rd1d7
34.Qb7b4 Kf7
35.Qb4c3 Qh5g5
36.Kf3 Qg5xh6
37.Ke2 Qh6f4
38.Qc3e3 Qf4xe3
39.Kxe3 Kf6
40.b4 e5
41.f3 g5
{ resign }
0-1

[Event "Tourn. n9127"]
[Site "www.chess-mail.com"]
[Date "2017.02.13"]
[Round "1"]
[White "Rons"]
[Black "Manolinex"]
[WhiteElo "2560"]
[BlackElo "2880"]
[Result "0-1"]
[Round "1"]
1.e4 c5
2.Ng1f3 d6
3.d4 cxd4
4.Nf3xd4 Ng8f6
5.Nb1c3 a6
6.Bc1e3 e6
7.f3 b5
8.g4 b4
9.Nc3e2 h6
10.Qd1d2 Nb8d7
11.O-O-O Qd8c7
12.h4 d5
13.Bf1h3 Nd7b6
14.g5 hxg5
15.hxg5 Nb6c4
16.Qd2d3 Nf6d7
17.Be3f4 Qc7a5
18.c3 Nd7c5
19.Qd3b1 e5
20.Bh3d7 Bc8xd7
21.Rh1xh8 exf4
22.exd5 bxc3
23.Ne2xc3 O-O-O
24.Nd4c2 Qa5c7
25.d6 Bf8xd6
26.Rh8xd8 Kxd8
27.b4 Nc5a4
28.Qb1b3 Na4b2
29.Rd1d5 Bd7e6
30.Rd5d4 Ke8
31.b5 Bd6c5
32.Rd4xc4 Nb2xc4
33.bxa6 Kf8
34.Qb3b7 Qc7d8
35.Nc3e4 Nc4e3
36.Ne4c3 Qd8d3
37.Qb7b8 Ke7
38.Qb8c7 Ke8
39.Qc7b8 Kd7
40.Qb8b5 Qd3xb5
41.Nc3xb5 Ne3xc2
42.Kxc2 Be6d5
43.Kd3 Bd5xf3
{ resign }
0-1

[Event "Tourn. n9118"]
[Site "www.chess-mail.com"]
[Date "2017.02.13"]
[Round "1"]
[White "Jazzy"]
[Black "Prize640"]
[WhiteElo "2360"]
[BlackElo "2420"]
[Result "0-1"]
[Round "1"]
1.e4 c5
2.Ng1f3 Nb8c6
3.Bf1e2 Ng8f6
4.d3 Qd8c7
5.c4 g6
6.O-O Bf8g7
7.Nb1c3 a6
8.Bc1d2 d6
9.Ra1b1 O-O
10.Bd2g5 Bc8e6
11.Qd1d2 Nc6d4
12.Nf3xd4 cxd4
13.Nc3d1 Ra8c8
14.f4 b5
15.b3 Be6d7
16.Nd1f2 h6
17.Bg5h4 Kh7
18.Rb1d1 e5
19.Nf2h1 exf4
20.Bh4xf6 Bg7xf6
21.Qd2xf4 Bf6e5
22.Qf4f2 d5
23.g3 dxc4
24.dxc4 bxc4
25.Be2xc4 Bd7g4
26.Rd1d3 Bg4h3
27.Rf1e1 f5
28.exf5 Rf8xf5
29.Qf2e2 Rc8f8
{ resign }
0-1

[Event "Tourn. n9202"]
[Site "www.chess-mail.com"]
[Date "2017.02.13"]
[Round "1"]
[White "Falcoale"]
[Black "Amaya"]
[WhiteElo "1870"]
[BlackElo "2090"]
[Result "0-1"]
[Round "1"]
1.e4 e6
2.Ng1f3 d5
3.exd5 exd5
4.d4 Ng8f6
5.b3 h6
6.Bc1b2 Bf8d6
7.Nb1d2 O-O
8.Bf1d3 Rf8e8
9.Bd3e2 Bc8f5
10.O-O Nb8d7
11.c3 Nf6e4
12.Nd2xe4 Bf5xe4
13.h3 Nd7f8
14.Nf3e5 Bd6xe5
15.dxe5 Re8xe5
16.Qd1d4 Qd8g5
17.f3 Nf8e6
18.Qd4d1 Ne6f4
19.fxe4 Qg5xg2

0-1

[Event "Tourn. n9177"]
[Site "www.chess-mail.com"]
[Date "2017.02.13"]
[Round "1"]
[White "Yoj"]
[Black "Jackbauer"]
[WhiteElo "1909"]
[BlackElo "1960"]
[Result "0-1"]
[Round "1"]
1.e3 c5
2.Ng1f3 d6
3.Bf1e2 a6
4.b3 Ng8f6
5.Bc1b2 e6
6.O-O Bf8e7
7.d3 Nb8c6
8.Nb1d2 O-O
9.Nd2c4 b5
10.Nc4d2 d5
11.Nf3e5 Bc8b7
12.Ne5xc6 Bb7xc6
13.f3 Be7d6
14.f4 Rf8e8
15.a4 d4
16.exd4 Qd8b6
 { time }
0-1

[Event "Tourn. n9249"]
[Site "www.chess-mail.com"]
[Date "2017.02.13"]
[Round "1"]
[White "Bojan"]
[Black "Luban"]
[WhiteElo "2020"]
[BlackElo "2130"]
[Result "0-1"]
[Round "1"]
1.e4 c5
2.Bf1c4 e6
3.Ng1f3 a6
4.c3 d5
5.exd5 exd5
6.Bc4b3 h6
7.d3 Ng8f6
8.h3 Bf8e7
9.Bc1f4 Nb8c6
10.Nb1d2 Bc8e6
11.Nf3e5 Nc6xe5
12.Bf4xe5 Be7d6
13.Be5xd6 Qd8xd6
14.Qd1e2 O-O
15.c4 Rf8e8
16.O-O dxc4
17.Nd2xc4 Be6xc4
18.Qe2d2 Bc4xb3
19.axb3 Ra8d8
20.Rf1d1 Qd6d4
21.Ra1a4 Qd4e5
22.Ra4e4 Nf6xe4
{ resign }
0-1

[Event "Tourn. n9217"]
[Site "www.chess-mail.com"]
[Date "2017.02.13"]
[Round "1"]
[White "Hansen"]
[Black "Autmich"]
[WhiteElo "1620"]
[BlackElo "1690"]
[Result "0-1"]
[Round "1"]
1.e4 e5
2.Qd1h5 Nb8c6
3.Bf1b5 Ng8f6
4.Qh5f5 d6
5.Qf5f3 Bc8d7
6.Bb5xc6 Bd7xc6
7.Nb1c3 Bf8e7
8.d3 O-O
9.g4 d5
10.a3 Qd8d7
11.g5 dxe4
12.dxe4 Nf6e8
13.g6 fxg6
14.Qf3g2 Be7c5
15.Ng1h3 Ne8d6
16.b4 Bc5d4
17.Bc1d2 Nd6xe4
18.O-O-O Ne4xc3
19.Qg2g1 Nc3e2
20.Kb1 Ne2xg1
21.Rh1xg1 Qd7xh3
22.c3 Bd4xc3
23.Bd2e3 Bc6e4
24.Ka2 Qh3e6
{ resign }
0-1

[Event "Tourn. n9000"]
[Site "www.chess-mail.com"]
[Date "2017.02.13"]
[Round "1"]
[White "Jjmcbride"]
[Black "Aalekhine"]
[WhiteElo "1390"]
[BlackElo "1869"]
[Result "0-1"]
[Round "1"]
1.e4 e5
2.b3 Nb8c6
3.Ng1f3 Ng8f6
4.Bf1d3 Bf8e7
5.Bc1b2 d6
6.h3 a6
7.c4 O-O
8.O-O h6
9.Nf3h4 Nc6b4
10.Bd3e2 c5
11.a3 Nb4c6
12.Qd1c2 a5
13.d3 Bc8d7
14.Qc2d2 Nf6xe4
15.dxe4 Be7xh4
16.f4 exf4
17.Qd2xf4 Bh4g5
18.Qf4g3 Kh8
19.Nb1d2 f6
20.Qg3xd6 Bg5e3
21.Kh1 Be3xd2
22.Qd6xd2 Bd7e6
23.Qd2e3 b6
24.Ra1d1 Qd8c7
25.Rf1f2 Ra8d8
26.Be2d3 Nc6e5
27.g4 Ne5xd3
28.Rd1xd3 Rd8xd3
29.Qe3xd3 Rf8d8
30.Qd3e2 Be6f7
31.h4 Qc7g3
32.Rf2h2 Qg3d3
33.g5 Qd3xe2
34.Rh2xe2 hxg5
35.hxg5 Rd8d1
36.Kh2 fxg5
37.Re2e3 Rd1d2
38.Kg3 Rd2xb2
39.Kg4 Bf7e6
40.Kh5 Rb2g2
41.Kg6 Kg8
42.Re3d3 Be6f7
43.Kf5 g4
44.e5 Rg2e2
45.Kxg4 Re2xe5
46.Rd3d8 Kh7
47.Rd8d6 Re5e6
48.Rd6d7 Kg6
49.Kf4 Kf6
50.Rd7d2 Ke7
51.Rd2b2 g6
52.b4 cxb4
53.axb4 axb4
54.Rb2xb4 Re6c6
{ resign }
0-1

[Event "Tourn. n9212"]
[Site "www.chess-mail.com"]
[Date "2017.02.13"]
[Round "1"]
[White "Jjmcbride"]
[Black "Olddog55"]
[WhiteElo "1650"]
[BlackElo "1800"]
[Result "1-0"]
[Round "1"]
1.e4 e5
2.Ng1f3 Bf8d6
3.c3 Ng8f6
4.d4 Nb8c6
5.d5 Nc6e7
6.Bf1d3 O-O
7.Bc1g5  { time }
1-0

[Event "Match"]
[Site "www.echecsemail.com"]
[Date "2017.02.13"]
[Round "1"]
[White "Yoj"]
[Black "Estonia"]
[WhiteElo "2150"]
[BlackElo "2090"]
[Result "0-1"]
[Round "1"]
1.Ng1f3 Ng8f6
2.d4 d5
3.Bc1f4 Bc8f5
4.Nb1c3 c6
5.h3 e6
6.Nf3e5 Bf8b4
7.g4 Bf5g6
8.Qd1d2 Nb8d7
9.Ne5xg6 hxg6
10.a3 Bb4a5
11.b4 Ba5c7
12.Bf4xc7 Qd8xc7
13.Bf1g2 O-O
14.O-O-O a5
15.b5 Nd7b6
16.a4 Nb6c4
17.Qd2d3 Qc7f4
18.e3 Qf4xf2
 { time }
0-1

[Event "Match"]
[Site "www.echecsemail.com"]
[Date "2017.02.13"]
[Round "1"]
[White "Manuelito"]
[Black "Aiko1603"]
[WhiteElo "1640"]
[BlackElo "1829"]
[Result "0-1"]
[Round "1"]
1.d4 Ng8f6
2.e3 e6
3.Ng1f3 c5
4.dxc5 Bf8xc5
5.Bf1e2 Nb8c6
6.O-O O-O
7.a3 d6
8.b4 Bc5b6
9.Bc1b2 a6
10.c4 Bb6a7
11.Nb1c3 Nc6e7
12.Ra1c1 Ne7g6
13.Qd1b3 b6
14.Rf1d1 Qd8e7
15.h3 Bc8b7
16.Rd1d2 Ra8d8
17.Qb3d1 h6
18.Be2f1 d5
19.cxd5 Nf6xd5
20.Nc3xd5 Bb7xd5
21.Bf1xa6 Bd5xf3
22.gxf3 Qe7g5
23.Kf1 Rd8xd2
24.Qd1xd2 Ng6h4
25.Ke2 Qg5g2
26.Qd2d7 Qg2xf3
27.Kd3 Qf3a8
28.Rc1c7 Rf8d8
29.Rc7xa7 Rd8xd7
30.Ra7xd7 Qa8xa6
{ resign }
0-1

[Event "Match"]
[Site "www.echecsemail.com"]
[Date "2017.02.13"]
[Round "1"]
[White "Orae"]
[Black "Iko"]
[WhiteElo "1710"]
[BlackElo "1660"]
[Result "1-0"]
[Round "1"]
1.e4 e5
2.Ng1f3 Nb8c6
3.Bf1c4 d6
4.d4 exd4
5.Nf3xd4 Nc6xd4
6.Qd1xd4 c5
7.Qd4d5 Ng8f6
8.Qd5xf7 
1-0

[Event "Match"]
[Site "www.echecsemail.com"]
[Date "2017.02.13"]
[Round "1"]
[White "Coraza8091"]
[Black "Paco"]
[WhiteElo "1490"]
[BlackElo "1900"]
[Result "0-1"]
[Round "1"]
1.e4 e5
2.Ng1f3 Nb8c6
3.Bf1c4 Bf8c5
4.O-O Ng8f6
5.Bc4xf7 Kxf7
6.Nf3g5 Kf8
7.c3 h6
8.Ng5f3 Nf6xe4
9.Qd1e2 d5
10.d3 Ne4f6
11.b4 Bc5b6
12.Bc1e3 d4
13.cxd4 exd4
14.Be3d2 Kf7
15.b5 Rh8e8
16.Qe2d1 Nc6e5
17.Bd2f4 Ne5xf3
18.Qd1xf3 Qd8d5
19.Qf3g3 Nf6h5
20.Qg3h4 Nh5xf4
21.Qh4xf4 Kg8
22.Nb1d2 Re8f8
23.Qf4e4 Qd5xb5
24.Rf1b1 Qb5g5
25.Nd2f3 Qg5f6
26.Qe4d5 Kh8
27.Qd5e4 c6
28.a4 Bc8f5
29.Qe4e2 Ra8e8
30.Qe2c2 Bf5h3
31.Rb1f1 Bh3xg2
32.Rf1e1 Qf6xf3
33.Qc2d1 Qf3xf2
{ resign }
0-1

[Event "Match"]
[Site "www.echecsemail.com"]
[Date "2017.02.13"]
[Round "1"]
[White "Bojan"]
[Black "Yoj"]
[WhiteElo "1970"]
[BlackElo "1990"]
[Result "1-0"]
[Round "1"]
1.b4 e5
2.a3 c6
3.Bc1b2 d6
4.e4 Ng8f6
5.d3 g6
6.h3 Bc8e6
7.c4 Bf8e7
8.Ng1f3 Nb8d7
9.Nf3g5 Nf6h5
10.Ng5xe6 fxe6
11.Nb1d2 Nh5g7
12.Nd2f3 Ng7h5
13.Bb2c1 Be7f6
14.Bc1e3 b6
15.Qd1b3 Qd8c7
16.Nf3g5 O-O-O
17.Ng5xe6 Qc7b7
18.Ne6xd8 Bf6xd8
19.a4 Bd8e7
20.b5 c5
21.Bf1e2 Nh5f6
22.a5 bxa5
23.Ra1xa5 Nd7b6
24.Qb3a2 Kb8
25.Kd2 Rh8c8
26.f4 Nf6d7
27.Be2g4 Rc8c7
28.f5 Nd7f6
29.fxg6 hxg6
30.Bg4e6 Nf6h5
31.Be3f2 Nh5f4
32.Be6g4  { time }
1-0

[Event "Match"]
[Site "www.echecsemail.com"]
[Date "2017.02.13"]
[Round "1"]
[White "Jaguar91"]
[Black "Aperturaf"]
[WhiteElo "2210"]
[BlackElo "2410"]
[Result "0-1"]
[Round "1"]
1.e4 e6
2.d4 d5
3.e5 c5
4.c3 Nb8c6
5.Ng1f3 Bc8d7
6.Bf1d3 cxd4
7.cxd4 Qd8b6
8.O-O Nc6xd4
9.Nf3xd4 Qb6xd4
10.Nb1c3 a6
11.Rf1e1 Ra8c8
12.Bc1e3 Qd4xe5
13.Qd1b3 Ng8f6
14.Qb3xb7 Nf6g4
15.g3 d4
16.Be3f4 Qe5h5
17.Nc3e4 Qh5xh2
18.Kf1 f5
19.Ra1c1 Rc8xc1
20.Re1xc1 fxe4
21.Rc1c8 Bd7xc8
22.Qb7xc8 Kf7
23.Qc8d7 Bf8e7
{ resign }
0-1

[Event "Match"]
[Site "www.echecsemail.com"]
[Date "2017.02.13"]
[Round "1"]
[White "Iko"]
[Black "Lightning"]
[WhiteElo "1650"]
[BlackElo "1499"]
[Result "0-1"]
[Round "1"]
1.e4 c5
2.c4 Nb8c6
3.Nb1c3 Ng8f6
4.d3 g6
5.Bc1g5 Bf8g7
6.Bf1e2 O-O
7.Ng1f3 d6
8.O-O Bc8g4
9.h3 Bg4xf3
10.Be2xf3 Nc6d4
11.Bg5e3 Nf6d7
12.Be3xd4 Bg7xd4
13.Qd1b3 Nd7e5
14.Qb3xb7 Ne5xf3
15.gxf3 Ra8b8
16.Qb7xa7 Rb8xb2
17.Nc3a4 Rb2d2
18.f4 Bd4xa1
19.Rf1xa1 e5
20.Ra1b1 Qd8h4
21.Rb1f1 Qh4xh3
22.Qa7e7 Qh3g4
23.Kh1 Rd2xd3
24.f3 Qg4h3
25.Kg1 Qh3g3
26.Kh1 Rd3d2
27.Na4c3 Rd2h2

0-1

[Event "Match"]
[Site "www.echecsemail.com"]
[Date "2017.02.13"]
[Round "1"]
[White "Szustan"]
[Black "Ozana"]
[WhiteElo "2660"]
[BlackElo "2010"]
[Result "1/2-1/2"]
[Round "1"]
1.e4 d6
2.d4 Ng8f6
3.Nb1c3 e5
4.Ng1f3 Nb8d7
5.Bf1c4 exd4
6.Nf3xd4 Bf8e7
7.O-O O-O
8.Nd4f5 Nd7e5
9.Nf5xe7 Qd8xe7
10.Bc4e2 Bc8g4
11.f3 Bg4e6
12.f4 Ne5c6
13.Be2f3 Rf8e8
14.b3 d5
15.Nc3xd5 Be6xd5
16.exd5 Qe7c5
17.Kh1 Nc6e7
18.c4 Ne7f5
19.Bc1b2 Nf5e3
20.Bb2d4 Qc5d6
21.Bd4xe3 Re8xe3
22.Qd1d4 Ra8e8
23.Qd4xa7 b6
24.Ra1d1 Nf6e4
25.Bf3xe4 Re3xe4
26.a4 Re4e2
27.a5 Re2xg2
28.Kxg2 { draw }
1/2-1/2

[Event "1/128 Finale"]
[Site "www.chess-mail.com"]
[Date "2017.02.13"]
[Round "1"]
[White "Jaroslavpech"]
[Black "Fabos12"]
[WhiteElo "1950"]
[BlackElo "2080"]
[Result "1-0"]
[Round "1"]
1.d4 d5
2.c4 Ng8f6
3.cxd5 Qd8xd5
4.Nb1c3 Qd5d8
5.Ng1f3 Bc8g4
6.Qd1b3 b6
7.Nf3e5 Bg4h5
8.g4 Bh5g6
9.Bf1g2 Qd8xd4
10.f4 Nf6e4
11.e3 Qd4c5
12.Nc3xe4 Bg6xe4
13.Bg2xe4 c6
14.Qb3xf7 Kd8
15.Bc1d2 Nb8d7
16.Ra1c1  { time }
1-0

[Event "1/32 Finale"]
[Site "www.chess-mail.com"]
[Date "2017.02.13"]
[Round "1"]
[White "Norlavuaram"]
[Black "Osopanda"]
[WhiteElo "2290"]
[BlackElo "2110"]
[Result "1/2-1/2"]
[Round "1"]
1.e4 c5
2.Ng1f3 d6
3.d4 cxd4
4.Nf3xd4 Ng8f6
5.Nb1c3 a6
6.Bf1e2 e5
7.Nd4f3 h6
8.O-O Bc8e6
9.h3 Nb8d7
10.Bc1e3 Bf8e7
11.Qd1d2 O-O
12.Rf1d1 b5
13.a3 Ra8c8
14.Ra1c1 Nd7b6
15.b3 Qd8c7
16.Nc3b1 Rf8d8
17.Qd2a5 Nb6d5
18.Qa5xc7 Nd5xc7
19.Nf3d2 d5
20.f3 d4
21.Be3f2 Nc7e8
22.Nd2f1 Nf6h5
23.Nf1g3 Nh5f4
24.Be2f1 Ne8d6
25.Ng3e2 f5
26.Ne2g3 fxe4
27.Ng3xe4 Nd6xe4
28.fxe4 Be7c5
29.Nb1d2 Bc5xa3
30.Rc1a1 Ba3b2
31.Ra1xa6 Be6f7
32.Bf1xb5 Rc8xc2
33.Nd2f3 Bf7xb3
34.Nf3xe5 d3
35.Ne5xd3 Nf4xd3
36.Rd1xd3 Rd8xd3
37.Bb5xd3 Rc2c1
38.Kh2 Bb2e5
39.Bf2g3 Be5d4
40.Ra6a8 Kf7
41.Bg3f4 Rc1c3
42.Bd3e2 g5
43.Be2h5 Kf6
44.Ra8f8 Kg7
45.Bf4d6 Rc3c6
46.Bd6a3 Bd4e5
47.Kg1 Be5d4
48.Kh2 Bd4c5
49.Ba3xc5 Rc6xc5
50.Rf8b8 Bb3c2
51.Rb8b7 Kf6
52.Bh5f3 h5
53.Rb7b6 Ke5
54.Rb6h6 h4
55.Rh6h5 Kf4
56.Rh5h8 Bc2d3
57.Rh8f8 Ke3
58.Rf8e8 Rc5c4
59.e5 Bd3e4
60.Bf3xe4 Rc4xe4
61.e6 Re4e5
62.e7 Ke4
63.Re8g8 Re5xe7
64.Rg8xg5 Re7h7
65.Rg5g4 Kf5
66.g3 hxg3
67.Kxg3 Rh7a7
68.Rg4f4 Kg5
69.Rf4g4 Kh5
70.Rg4g8 Ra7a3
71.Kf4 Kh6
72.Rg8g3 Ra3a4
73.Kf5 Ra4a5
74.Kg4 Ra5a4
75.Kf5 Ra4a5
76.Kg4 Ra5a4
77.Kf3 Ra4a3
78.Kg2 Ra3a2
79.Kh1 Kh5
80.Rg3g2 Ra2a3
81.Kh2 Kh4
82.Rg2g4 Kh5
83.Rg4b4 Kg5
84.Rb4b2 Kh4
85.Rb2b4 Kh5
{ draw }
1/2-1/2

[Event "1/128 Finale"]
[Site "www.chess-mail.com"]
[Date "2017.02.13"]
[Round "1"]
[White "Guidom"]
[Black "Picifarkinca"]
[WhiteElo "2050"]
[BlackElo "1730"]
[Result "1-0"]
[Round "1"]
1.e4 c6
2.d4 d5
3.exd5 cxd5
4.c3 Nb8c6
5.Bf1b5 Ng8f6
6.Ng1f3 Qd8b6
7.Qd1a4 a6
8.Bb5xc6 Qb6xc6
9.Qa4xc6 bxc6
10.O-O Ra8b8
11.b3 e6
12.Nf3e5 Bc8b7
13.Bc1g5 Bf8e7
14.Nb1d2 Nf6d7
15.Bg5xe7 Kxe7
16.f4 Nd7b6
17.f5 f6
18.Ne5g4 exf5
19.Rf1xf5 Rb8e8
20.Rf5f2 Bb7c8
21.Ng4e3 Kf7
22.Ne3c2 Re8e7
23.Ra1f1 Bc8g4
24.h3 Bg4e2
25.Rf1e1 Be2d3
26.Re1xe7 Kxe7
27.Nc2b4 Bd3b5
28.a4 a5
29.Nb4xd5 Nb6xd5
30.axb5 cxb5
31.c4 bxc4
32.bxc4 Nd5b6
33.Rf2f5 Rh8a8
34.Rf5b5 Nb6d7
35.Nd2b1 Kd6
36.Nb1a3 Kc6
37.d5 Kc7
38.Kf2 Ra8a6
39.c5 Nd7e5
40.Ke3 a4
41.g4 Ra6a7
42.Ke4 Ra7a6
43.Rb5b4 g6
44.g5 Ne5d7
45.c6 f5
46.Kd4 Nd7b8
47.Rb4b7 Kc8
48.Rb7xh7 Ra6b6
49.Kc4 Rb6b3
50.Na3b5 Rb3g3
51.Rh7h8 { resign }
1-0

[Event "1/128 Finale"]
[Site "www.chess-mail.com"]
[Date "2017.02.13"]
[Round "1"]
[White "Ff333"]
[Black "Mitja"]
[WhiteElo "2100"]
[BlackElo "1910"]
[Result "1-0"]
[Round "1"]
1.e4 d5
2.e5 e6
3.d4 c6
4.Ng1f3 b6
5.Bf1d3 h6
6.O-O Bc8b7
7.c4 Nb8a6
8.a3 Ng8e7
9.Nb1c3 Qd8c7
10.b4 dxc4
11.Bd3xc4 Ne7d5
12.Nc3e4 Bf8e7
13.Bc1d2 b5
14.Bc4d3 f5
15.Ne4c5 Na6xc5
16.dxc5 g5
17.Rf1e1 O-O-O
18.Qd1c2 a6
19.Nf3d4 Qc7d7
20.Nd4xf5 Kb8
21.Nf5d6 Be7f8
22.Bd3g6 Bf8xd6
23.exd6 Rh8g8
24.Bg6h5 Rd8f8
25.Bh5g4 Rf8e8
26.Re1e5 Qd7f7
27.Ra1e1 Rg8f8
28.f3 { resign }
1-0

[Event "Tourn. n9177"]
[Site "www.chess-mail.com"]
[Date "2017.02.14"]
[Round "1"]
[White "Yoj"]
[Black "Osopanda"]
[WhiteElo "1909"]
[BlackElo "1960"]
[Result "0-1"]
[Round "1"]
1.e4 c5
2.Ng1f3 Nb8c6
3.Bf1c4 e6
4.b3 d6
5.Nb1c3 g6
6.Bc1b2 Bf8g7
7.O-O Ng8e7
8.a3 O-O
9.a4 a6
10.Bc4e2 Bc8d7
11.Ra1b1 Nc6d4
12.Be2d3 Ra8b8
13.Nc3e2 Ne7c6
14.Nf3xd4 cxd4
15.c3 e5
16.cxd4 exd4
17.Bb2a3 Bd7e6
18.Ne2f4 Rf8e8
19.Qd1f3 Nc6e5
20.Qf3e2 Ne5xd3
 { time }
0-1

[Event "Tourn. n8992"]
[Site "www.chess-mail.com"]
[Date "2017.02.14"]
[Round "1"]
[White "Greghghs"]
[Black "Ejner"]
[WhiteElo "2310"]
[BlackElo "2450"]
[Result "1/2-1/2"]
[Round "1"]
1.e4 c5
2.Nb1c3 e6
3.f4 Nb8c6
4.Ng1f3 Ng8e7
5.d4 cxd4
6.Nf3xd4 Nc6xd4
7.Qd1xd4 Ne7c6
8.Qd4f2 d5
9.Bf1d3 d4
10.Nc3d1 Bf8b4
11.Bc1d2 Bb4xd2
12.Qf2xd2 e5
13.f5 Qd8a5
14.Qd2xa5 Nc6xa5
15.Nd1f2 Ke7
16.O-O Bc8d7
17.a4 Ra8c8
18.Rf1c1 Na5c6
19.Bd3e2 Nc6b4
20.Be2d1 Rc8c7
21.Nf2d3 Nb4xd3
22.cxd3 Rh8c8
23.Rc1xc7 Rc8xc7
24.Kf2 Rc7c6
25.a5 Rc6c5
26.Ke1 Rc5b5
27.Ra1a2 f6
28.Kd2 Kd6
29.Kc1 Bd7e8
30.Ra2a3 Be8f7
31.Bd1c2 g6
32.fxg6 hxg6
33.Bc2b1 Rb5c5
34.Kd2 Rc5c8
35.Bb1a2 Bf7xa2
36.Ra3xa2 f5
37.Ra2a4 fxe4
38.dxe4 Rc8f8
39.Kd3 Rf8f2
40.Ra4b4 Rf2xg2
41.Rb4xb7 Rg2xh2
42.a6 g5
43.Rb7xa7 Rh2xb2
44.Ra7g7 Rb2a2
45.Kc4 Kc6
46.Rg7g6 Kc7
47.Rg6xg5 { draw }
1/2-1/2

[Event "Tourn. n9162"]
[Site "www.chess-mail.com"]
[Date "2017.02.14"]
[Round "1"]
[White "Falcoale"]
[Black "Yoj"]
[WhiteElo "1860"]
[BlackElo "1749"]
[Result "1-0"]
[Round "1"]
1.e4 c5
2.Ng1f3 Nb8c6
3.Bf1c4 e6
4.O-O Qd8c7
5.Nb1a3 a6
6.c3 b5
7.Bc4e2 Ng8f6
8.d3 d5
9.exd5 Nf6xd5
10.Na3c2 Bf8d6
11.Nc2e3 Nd5xe3
12.Bc1xe3 Bc8d7
13.h3 O-O-O
14.a4 bxa4
15.Qd1xa4 Nc6b8
16.Qa4c2 f6
17.Rf1c1 h6
18.d4 Bd6e7
19.Be2xa6 Nb8xa6
20.Ra1xa6 Bd7c6
21.Qc2b3 Bc6d5
22.Qb3a4 c4
23.Rc1a1 Qc7b7
24.Ra6a7 Qb7xb2
25.Qa4a5 Be7d6
26.Qa5a4 Qb2xc3
27.Qa4a6 Kb8
28.Ra1b1 Qc3b3
29.Rb1xb3 cxb3
30.Qa6a5 b2
31.Qa5b6  { time }
1-0

[Event "Tourn. n9045"]
[Site "www.chess-mail.com"]
[Date "2017.02.14"]
[Round "1"]
[White "Ericleo1980"]
[Black "Fieldfast"]
[WhiteElo "2250"]
[BlackElo "2280"]
[Result "0-1"]
[Round "1"]
1.d4 Ng8f6
2.c4 e6
3.Ng1f3 Bf8b4
4.Nb1d2 O-O
5.a3 Bb4e7
6.e4 d5
7.e5 Nf6d7
8.c5 f6
9.exf6 Be7xf6
10.Bf1d3 e5
11.dxe5 Nd7xe5
12.Nf3xe5 Bf6xe5
13.Nd2f3 Bc8g4
14.Qd1c2 Bg4xf3
15.Bd3xh7 Kh8
16.gxf3 Qd8f6
17.f4 Be5xf4
18.Bh7d3 Bf4xc1
19.Ra1xc1 Nb8c6
20.O-O Nc6d4
21.Qc2d1 Nd4f3
22.Kg2 Qf6g5
{ resign }
0-1

[Event "Tourn. n9177"]
[Site "www.chess-mail.com"]
[Date "2017.02.14"]
[Round "1"]
[White "Falcoale"]
[Black "Yoj"]
[WhiteElo "1880"]
[BlackElo "1909"]
[Result "1-0"]
[Round "1"]
1.e4 c6
2.d4 e5
3.c3 exd4
4.cxd4 g6
5.Ng1f3 Bf8g7
6.Bc1e3 d6
7.Bf1d3 Qd8b6
8.b3 Qb6a5
9.Nb1d2 Ng8e7
10.O-O b5
11.Qd1c2 O-O
12.a4 b4
13.Nd2c4 Qa5c7
14.Ra1c1 d5
15.Nc4e5 Bg7xe5
16.Nf3xe5 f6
17.Ne5f3 dxe4
18.Bd3xe4 Bc8b7
19.Qc2c4 Kg7
20.Qc4xb4 a5
21.Qb4d2 Kg8
22.d5 Qc7c8
23.d6 Ne7f5
24.Be3c5 Qc8e6
25.Rf1e1 Nb8d7
26.Be4xf5 Qe6xf5
27.Nf3d4  { time }
1-0

[Event "Tourn. n9175"]
[Site "www.chess-mail.com"]
[Date "2017.02.14"]
[Round "1"]
[White "Winston"]
[Black "Balbyns"]
[WhiteElo "1740"]
[BlackElo "1759"]
[Result "0-1"]
[Round "1"]
1.e4 c5
2.Ng1f3 d6
3.d4 cxd4
4.Nf3xd4 e5
5.Nd4f3 Ng8f6
6.Nb1c3 Nb8c6
7.Bf1b5 Bc8d7
8.O-O h6
9.Rf1e1 a6
10.Bb5a4 Ra8c8
11.Bc1d2 Bd7e6
12.Ba4xc6 bxc6
13.Qd1e2 Qd8b6
14.b3 Bf8e7
15.Bd2e3 Qb6b7
16.h3 O-O
17.Qe2d2 Rf8d8
18.Nc3e2 Nf6xe4
19.Qd2c1 f5
20.Be3xh6 gxh6
21.Qc1xh6 Be7f8
22.Qh6xe6 Qb7f7
23.Qe6xf7 Kxf7
24.Ne2g3 Ne4xg3
25.fxg3 Bf8g7
26.Nf3g5 Kf6
27.h4 e4
28.c4 Bg7h6
29.Re1f1 Bh6xg5
30.hxg5 Kxg5
31.Rf1f4 d5
32.cxd5 cxd5
33.a4 d4
{ resign }
0-1

[Event "Tourn. n9186"]
[Site "www.chess-mail.com"]
[Date "2017.02.14"]
[Round "1"]
[White "Ffdd65"]
[Black "Bojan"]
[WhiteElo "2220"]
[BlackElo "1970"]
[Result "0-1"]
[Round "1"]
1.e4 e5
2.Ng1f3 Nb8c6
3.Bf1c4 Qd8f6
4.d3 h6
5.Nb1c3 Ng8e7
6.Bc1e3 Nc6a5
7.Bc4d5 c6
8.Bd5b3 d6
9.Nf3d2 Na5xb3
10.Nd2xb3 b6
11.Nb3d2 Ne7g6
12.g3 Bc8h3
13.Qd1h5 Bh3d7
14.Nd2f3 Ng6e7
15.Nf3h4 d5
16.Nc3e2 g6
17.Qh5f3 Qf6xf3
18.Nh4xf3 f6
19.O-O-O Bd7g4
20.Nf3g1 d4
21.Be3d2 c5
22.h3 Bg4e6
23.Kb1 Ne7c6
24.f4 Bf8e7
25.Ng1f3 Kd7
26.g4 g5
27.f5 Be6f7
28.c3 dxc3
29.Bd2xc3 b5
30.b3 b4
31.Bc3b2 a5
32.Ne2c1 Kc7
33.a4 bxa3
34.Bb2xa3 Rh8b8
35.Ba3b2 a4
36.Nf3d2 Nc6d4
37.Bb2xd4 exd4
38.Kb2 axb3
39.Nc1xb3 Rb8b5
40.Rd1b1 Be7d6
41.Rb1a1 Ra8b8
42.Ra1a7 Rb8b7
43.Ra7xb7 Kxb7
44.Rh1b1 Rb5b4
45.Kc2 Bf7e8
46.Nb3a5 Ka6
47.Nd2c4 Rb4xb1
48.Kxb1 Bd6c7
49.Na5b3 Kb5
50.Ka2 Kb4
51.Kb2 Be8b5
52.Nb3d2 Bc7f4
53.Kc2 Bb5a4
54.Kc1 Kc3
{ resign }
0-1

[Event "Tourn. n9116"]
[Site "www.chess-mail.com"]
[Date "2017.02.14"]
[Round "1"]
[White "Tartan"]
[Black "Greghghs"]
[WhiteElo "2450"]
[BlackElo "2290"]
[Result "0-1"]
[Round "1"]
1.d4 d5
2.c4 e6
3.cxd5 exd5
4.Nb1c3 Ng8f6
5.Bc1g5 Nb8d7
6.e3 h6
7.Bg5h4 Bf8e7
8.Bf1d3 O-O
9.Ng1f3 c6
10.Qd1c2 Rf8e8
11.O-O Nf6e4
12.Bd3xe4 Be7xh4
13.Be4h7 Kh8
14.Bh7d3 Bh4e7
15.Ra1b1 Be7d6
16.b4 Nd7b6
17.b5 Bc8g4
18.Nf3e5 Bd6xe5
19.dxe5 Re8xe5
20.bxc6 bxc6
21.Nc3a4 Re5g5
22.f4 Rg5h5
23.Na4xb6 axb6
24.Qc2xc6 Ra8c8
25.Qc6xb6 Qd8h4
26.h3 Bg4xh3
27.Rf1c1 Rc8e8
28.Qb6c6 Re8g8
29.Rb1b2 Qh4g3
30.Qc6c5 Bh3g4
31.Rb2c2 Rh5h2
{ resign }
0-1

[Event "Tourn. n9166"]
[Site "www.chess-mail.com"]
[Date "2017.02.14"]
[Round "1"]
[White "Wegaman"]
[Black "Actmy"]
[WhiteElo "1930"]
[BlackElo "2040"]
[Result "0-1"]
[Round "1"]
1.d4 g6
2.c4 Bf8g7
3.Nb1c3 d6
4.Ng1f3 Nb8c6
5.e3 e5
6.dxe5 Nc6xe5
7.Bf1e2 Ng8e7
8.O-O O-O
9.Rf1e1 Ne7c6
10.Nf3xe5 Nc6xe5
11.Bc1d2 Bc8e6
12.Ra1c1 Be6xc4
13.Be2xc4 Ne5xc4
14.Qd1c2 d5
15.b3 Nc4xd2
16.Rc1d1 Bg7xc3
17.Qc2xc3 Nd2e4
18.Qc3e5 c6
19.f3 Rf8e8
20.Qe5b2 Ne4d6
21.Rd1d4 Nd6f5
22.Rd4d3 Re8e6
23.Qb2d2 Qd8e7
24.Kf2 Ra8e8
25.g4 Nf5h4
26.Qd2e2 f5
27.gxf5 Nh4xf5
28.Qe2d2 Qe7f6
29.Re1g1 Nf5xe3
{ resign }
0-1

[Event "Tourn. n9086"]
[Site "www.chess-mail.com"]
[Date "2017.02.14"]
[Round "1"]
[White "Conde7"]
[Black "Ozana"]
[WhiteElo "2890"]
[BlackElo "2239"]
[Result "1-0"]
[Round "1"]
1.e4 d6
2.d4 Ng8f6
3.Nb1c3 e5
4.dxe5 dxe5
5.Qd1xd8 Kxd8
6.Ng1f3 Bf8d6
7.Bc1e3 Ke7
8.Bf1c4 Bc8e6
9.Bc4xe6 fxe6
10.Nf3d2 Bd6b4
11.f3 Bb4xc3
12.bxc3 Nb8c6
13.Nd2c4 b6
14.h4 Ra8d8
15.a4 Kf7
16.h5 Rh8g8
17.a5 Nf6e8
18.Be3g5 Ne8f6
19.Ke2 b5
20.Nc4b2 h6
21.Bg5e3 a6
22.Nb2d3 Rd8d6
23.g4 Rg8a8
24.Ra1g1 Nf6h7
25.g5 hxg5
26.Be3xg5 Ra8g8
27.Bg5e3 Rd6d8
28.Be3f2 Rg8h8
29.Bf2g3 Nh7f6
30.Nd3xe5 Nc6xe5
31.Bg3xe5 Nf6xh5
32.Be5xc7 { resign }
1-0